[Event "Trichy Pro Chess op 1st"]
[Site "Trichy"]
[Date "2017.11.16"]
[Round "1"]
[White "Gokula Kannan, GM."]
[Black "Rathnakaran, Kantholi"]
[Result "0-1"]
[WhiteElo "1222"]
[BlackElo "2333"]
[PlyCount "74"]
[EventDate "2017.11.16"]
[EventType "swiss"]
[EventRounds "8"]
[EventCountry "IND"]
[SourceTitle "EXT 2019"]
[Source "ChessBase"]
[SourceDate "2018.10.10"]
[SourceVersion "1"]
[SourceVersionDate "2018.10.10"]
[SourceQuality "1"]

1. e4 e6 2. d4 d5 3. Nc3 Nf6 4. e5 Nfd7 5. f4 c5 6. Nf3 a6 7. Be3 b5 8. a4 b4 9. Ne2 Nc6 10. c3 Rb8 11. Ng3 Qa5 12. Bd2 bxc3 13. Bxc3 Qb6 14. Be2 cxd4 15. Nxd4 Nxd4 16. Bxd4 Bb4+ 17. Kf1 Bc5 18. Bxc5 Nxc5 19. Rb1 Qb4 20. Qc2 Bd7 21. Rc1 Nb3 22. Rd1 Bxa4 23. Qc3 Qxf4+ 24. Kg1 d4 25. Qc7 0-0 26. Qc4 Qe3+ 27. Kf1 Bb5 28. Qc2 Rfc8 29. Qb1 Nd2+ 30. Rxd2 Qxd2 31. Qe4 d3 32. Kf2 dxe2 33. Nxe2 Bxe2 34. Qxe2 Qf4+ 35. Ke1 Rc1+ 36. Qd1 Rxb2 37. g3 Qf2# 0-1